000 00451nam a2200181Ia 4500
003 OSt
005 20251103182544.0
008 210423s2004 xx 000 0 und d
040 _cAL
041 _aEnglish
082 _a362.29
_bTHAD
100 _aThomas T S
_9121226
245 _aDe addiction and rural development
260 _aDharwada
_bCAPART
_c2004
365 _cINR
906 _aaddiction ; De ; development. ; rural
942 _2ddc
_cBK
999 _c175003
_d175003